| 000 | 00783cam a22002533a 4500 | ||
|---|---|---|---|
| 001 | 21194 | ||
| 003 | PGUSA | ||
| 005 | 20140828083442.0 | ||
| 008 | 070420s2007||||xxu|||||s|||||000 1 eng d | ||
| 040 |
_aPGUSA _beng |
||
| 042 | _adc | ||
| 050 | 4 | _aPS | |
| 100 | 1 |
_aHawthorne, Nathaniel, _d1804-1864 |
|
| 245 | 1 | 0 |
_aTri Noveloj _h[electronic resource] / _cNathaniel Hawthorne |
| 260 |
_bProject Gutenberg, _c2007 |
||
| 505 | 0 | _aLa Eksperimento de D-ro Hejdegero -- La Nigra Vualo de la Pastoro -- Juna Bonulo BraĆno | |
| 506 | _aPublic domain in the USA. | ||
| 516 | _aElectronic text | ||
| 653 | _aAmerican fiction -- 19th century | ||
| 700 | 1 |
_aGrobe, Edwin, _d1927- |
|
| 830 | 0 |
_aProject Gutenberg _v21194 |
|
| 856 | 4 | 0 | _uhttp://www.gutenberg.org/ebooks/21194 |
| 942 | _cEB | ||
| 999 |
_c250449 _d250449 |
||